Osobní blog a marketing destinací cestovního ruchu

Marketing destinácií cestovného ruchu. Platené formy promotion. Marketingová komunikácia českých destinácií cestovného ruchu.

Uložené v:
Podrobná bibliografia
Hlavný autor: Jaderná, Eva
Médium: Kapitola
Jazyk:Czech
Predmet:
Tagy: Pridať tag
Žiadne tagy, Buďte prvý, kto otaguje tento záznam!

MARC

LEADER 00000naa a2200000 4500
001 0201786
005 20220722104237.5
041 0 |a cze 
044 |a SK 
245 1 0 |a Osobní blog a marketing destinací cestovního ruchu  |c Eva Jaderná 
520 |a Marketing destinácií cestovného ruchu. Platené formy promotion. Marketingová komunikácia českých destinácií cestovného ruchu. 
610 2 0 |a marketing 
610 2 0 |a ruch cestovný 
610 2 0 |a siete sociálne 
610 2 0 |a propagácia 
610 2 0 |a Česko 
100 1 |a Jaderná, Eva